Excel 2000-2007 : záznam, úprava a programování maker /

Hlavní autor: Černý, Jaroslav, 1966-
Jazyk: Čeština
Vydáno: Praha : Grada, 2008
Vydání: 2., aktualiz. vyd.
Edice: Průvodce (Grada)
Témata:
Externí odkaz: Digitalizovaný dokument
Fyzický popis: 183 s. : il. ; 24 cm
Knihy
Uloženo v:
LEADER 01865nam a2200529 a 4500
001 nkc20081797923
003 CZ PrNK
005 20191101235009.0
007 ta
008 080522s2008 xr a e f 001 0 cze
015 |a cnb001797923 
020 |a 978-80-247-2305-1  |q (brož.) 
035 |a (OCoLC)237069569 
040 |a ABA001  |b cze 
072 7 |a 004.4/.6  |x Programování. Software  |2 Konspekt  |9 23 
080 |a 004.42Excel  |2 MRF 
080 |a 004.67  |2 MRF 
080 |a 004.422.56  |2 MRF 
080 |a 004.42  |2 MRF 
080 |a (035)  |2 MRF 
100 1 |a Černý, Jaroslav,  |d 1966-  |7 ja20020080576  |4 aut 
245 1 0 |a Excel 2000-2007 :  |b záznam, úprava a programování maker /  |c Jaroslav Černý 
250 |a 2., aktualiz. vyd. 
260 |a Praha :  |b Grada,  |c 2008 
300 |a 183 s. :  |b il. ;  |c 24 cm 
490 1 |a Průvodce 
500 |a V tiráži uvedeno chybně 1. vyd. 
500 |a Obsahuje rejstřík 
580 |a 1. vyd. vyšlo pod názvem: Excel 2000, 2002, 2003 
650 0 7 |a Microsoft Excel (software)  |7 ph135595  |2 czenas 
650 0 7 |a tabulkové procesory  |7 ph116391  |2 czenas 
650 0 7 |a makroinstrukce  |7 ph265682  |2 czenas 
650 0 7 |a programování  |7 ph115891  |2 czenas 
650 0 9 |a Microsoft Excel  |2 eczenas 
650 0 9 |a electronic spreadsheets  |2 eczenas 
650 0 9 |a macro instructions  |2 eczenas 
650 0 9 |a programming  |2 eczenas 
655 7 |a příručky  |7 fd133209  |2 czenas 
655 9 |a handbooks and manuals  |2 eczenas 
787 0 |t Excel 2000, 2002, 2003 
830 0 |a Průvodce (Grada)  |0 s 
856 4 1 |u http://www.digitalniknihovna.cz/mzk/uuid/uuid:342978c0-ce41-11e9-9b82-005056827e52  |y Digitalizovaný dokument  |x NDK 
910 2 |a BOA001  |b 2-1204.178 
990 |a BK 
995 |a 01 
991 |b 200806  |c NOV 
996 6 |b 2610343431  |c 2-1204.178  |l MZK  |r Sklad / do 1 hodiny  |n 0  |p p.v.  |w 000896069  |u 000010  |a 1  |e BOA001  |j MZK50  |s P